| 000 | 005320000a22001930004500 | ||
|---|---|---|---|
| 020 | _a958-601-017-1 | ||
| 041 | 0 | _aSPA | |
| 082 | 0 | 4 | _aG 301 F197p |
| 100 | 1 | _aFals Borda, Orlando | |
| 245 | 1 | 0 | _aEl problema de cómo investigar la realidad para trasformarla por la praxis / Orlando Fals Borda |
| 250 | _a4 | ||
| 260 | _aBogotá, Colombia : Tercer Mundo | ||
| 300 | _a119 Pag | ||
| 001 | 9203 | ||
| 942 | _cBK | ||
| 999 |
_c39267 _d39267 |
||
| 336 |
_atexto _btxt _2rdacontent |
||
| 337 |
_2rdamedia _asin mediación _bn |
||
| 338 |
_2rdacarrier _avolumen _bnc |
||